| 000 | 00428nam a2200157 4500 | ||
|---|---|---|---|
| 001 | 6702 | ||
| 005 | 20250811160338.0 | ||
| 008 | 910911s1991 cau b 001 0 eng d | ||
| 010 | _a91065170 | ||
| 020 | _a9788195896707 | ||
| 100 | _aSharma,Shri,Krishna | ||
| 245 | 1 | 0 |
_aThe concept of GOD: _bbased on Indian Philosophy,Volume iI. |
| 260 |
_aIndia: _bSadhan Press _c 2022 |
||
| 300 |
_axvii,581 p. ; _c23 cm |
||
| 942 |
_2ddc _cMAIN |
||
| 999 |
_c10467 _d10468 |
||